New research reveals the scale of the challenge faced by industry to become a first-choice employer (Record no. 78696)
[ view plain ]
| 000 -LEADER | |
|---|---|
| fixed length control field | 01355cab a22002175a 4500 |
| 001 - CONTROL NUMBER | |
| control field | L137715 |
| 008 - FIXED-LENGTH DATA ELEMENTS--GENERAL INFORMATION | |
| fixed length control field | 070425e2007 xxk 000 0 eng d |
| 035 ## - SYSTEM CONTROL NUMBER | |
| System control number | (Sirsi) u137715 |
| 041 0# - LANGUAGE CODE | |
| Language code of text/sound track or separate title | eng |
| 110 2# - MAIN ENTRY--CORPORATE NAME | |
| Corporate name or jurisdiction name as entry element | CITB-ConstructionSkills |
| 9 (RLIN) | 4992 |
| 245 00 - TITLE STATEMENT | |
| Title | New research reveals the scale of the challenge faced by industry to become a first-choice employer |
| Medium | [electronic resource] |
| 260 ## - PUBLICATION, DISTRIBUTION, ETC. | |
| Date of publication, distribution, etc. | 2007 |
| 490 ## - SERIES STATEMENT | |
| Series statement | CITB-ConstructionSkills Press Release |
| Volume/sequential designation | 20 April 2007 |
| 520 ## - SUMMARY, ETC. | |
| Summary, etc. | ConstructionSkills' "Positive influence?" research shows that few parents view construction careers as suitable choices for their children, with only 4% of respondents choosing construction site manager as their preferred career option. However, 40% of parents stated they would be happy if their child wanted to work in the construction industry. These conflicting results reveal a lack in some parents' understanding of opportunities in the construction industry. The research also reinforces the need to challenge existing stereotypes and address the low proportion of women and ethnic minorities in construction. |
| 590 ## - LOCAL NOTE (RLIN) | |
| Local note | KA NTK |
| 651 #4 - SUBJECT ADDED ENTRY--GEOGRAPHIC NAME | |
| Geographic name | United Kingdom |
| Chronological subdivision | |
| 690 ## - LOCAL SUBJECT ADDED ENTRY--TOPICAL TERM (OCLC, RLIN) | |
| Topical term or geographic name as entry element | BUILT ENVIRONMENT |
| 690 ## - LOCAL SUBJECT ADDED ENTRY--TOPICAL TERM (OCLC, RLIN) | |
| Topical term or geographic name as entry element | CAREERS, EDUCATION AND TRAINING |
| 856 40 - ELECTRONIC LOCATION AND ACCESS | |
| Uniform Resource Identifier | <a href="https://www.citb.co.uk/news/pressreleases/">https://www.citb.co.uk/news/pressreleases/</a> |
| Public note | View the item free of charge at www.citb.co.uk... |
| 942 ## - ADDED ENTRY ELEMENTS (KOHA) | |
| Suppress in OPAC | 0 |
| Withdrawn status | Lost status | Source of classification or shelving scheme | Damaged status | Not for loan | Home library | Current library | Shelving location | Date acquired | Total Checkouts | Full call number | Barcode | Date last seen | Copy number | Price effective from | Koha item type |
|---|---|---|---|---|---|---|---|---|---|---|---|---|---|---|---|
| Dewey Decimal Classification | Virtual | Virtual | Online | 25/04/2007 | ONLINE PUBLICATION | 137715-2001 | 06/08/2019 | 1 | 06/08/2019 | Journal article |